Introduction to nursing informatics Author: Pamela Hussey; Margaret A Kennedy Publisher: Cham : Springer, 2021. Series: (Record no. 8248)
[ view plain ]
| 000 -LEADER | |
|---|---|
| fixed length control field | 01613nam a2200205 4500 |
| 020 ## - INTERNATIONAL STANDARD BOOK NUMBER | |
| ISBN | 9783030587390; 9783030587406 |
| 050 ## - CALL NUMBER | |
| Classification number | RT50.5 |
| Item number | .H95 |
| 100 ## - AUTHOR | |
| Personal name | Hussey, Pamela |
| 245 ## - TITLE | |
| Title | Introduction to nursing informatics Author: Pamela Hussey; Margaret A Kennedy Publisher: Cham : Springer, 2021. Series: |
| Statement of responsibility, etc | Pamela Hussey, Margaret Ann Kennedy |
| 250 ## - EDITION | |
| Edition statement | Fifth edition |
| 260 ## - PUBLICATION INFORMATION | |
| Place of publication | Cham : |
| Name of publisher | Springer, |
| Year of publication | 2021. |
| 300 ## - DESCRIPTION | |
| Number of Pages | 1 online resource (xv, 427 pages) : illustrations (some color) |
| Other physical details | illustrations (some color) |
| 440 ## - SERIES | |
| SERIES | Health informatics |
| 500 ## - NOTES | |
| General note | Includes index |
| 505 ## - FORMATTED CONTENTS NOTE | |
| Table of Content | Chapter 1. Introduction --<br/>Chapter 2. eHealth a Global Priority --<br/>Chapter 3. Nursing and Informatics --<br/>Chapter 4. The Mechanics of Technology and Digital --<br/>Chapter 5. Health Information Exchange: the overarching role of Integrating the Healthcare Enterprise (IHE) --<br/>Chapter 6. Health Informatics Standards --<br/>Chapter 7. Nursing Documentation in Digital solutions --<br/>Chapter 8. Connected Health and the Digital Patient --<br/>Chapter 9. Administrative Applications --<br/>Chapter 10. Data Privacy and Security --<br/>Chapter 11. Role of the Informatics Nurse --<br/>Chapter 12. Researching Nursing Informatics in a Digital Age --<br/>Chapter 13. Applied Informatics Research in Nursing for eHealth --<br/>Chapter 14. Knowledge and Social Networks --<br/>Chapter 15. Technology enabled Learning in Nursing --<br/>Chapter 16. The future of nursing informatics in a digitally-enabled world. . |
| 650 ## - SUBJECTS | |
| Topical Term | Medical informatics. |
| 650 ## - SUBJECTS | |
| Topical Term | Nursing. |
| General subdivision | Information Systems |
| 700 ## - OTHER AUTHORS | |
| Personal name | Kennedy, Margaret Ann |
| 942 ## - ADDED ENTRY ELEMENTS (KOHA) | |
| Koha item type | Books |
| Withdrawn status | Lost status | Collection code | Home library | Current library | Shelving location | Date acquired | Source of acquisition | Cost, normal purchase price | Full call number | Accession Number | Koha item type |
|---|---|---|---|---|---|---|---|---|---|---|---|
| Reference | Methodist University Library Main | Methodist University Library Main | General Stacks | 03/02/2022 | Vidya Book Store | 825.00 | RT50.5 .H95 | 8652 | Books | ||
| Methodist University Library Main | Methodist University Library Main | General Stacks | 03/02/2022 | Vidya Book Store | 825.00 | RT50.5 .H95 | 8653 | Books |